Bioteknologi.

Bibliographic Details
Format: Book
Published: Kuala Lumpur: Bank Pembangunan Malaysia Berhad, 1996.
Series:Siri PT No. 2
Subjects:
LEADER 00464cam a2200169 7i4500
001 0000006387
005 19991025090000.0
002 ##000008073
020 0 0 |a 967-9909-42-5  
090 0 0 |a M 660.6   |b BIO 
245 0 0 |a Bioteknologi. 
260 0 0 |a Kuala Lumpur:   |b Bank Pembangunan Malaysia Berhad,   |c 1996. 
300 0 0 |a 40p.. 
440 0 0 |a Siri PT No. 2 
650 0 0 |a Biotechnology --   |z Malaysia  
651 0 0 |a Malaysia  
999 |a 0000009467  |b Book  |c Open shelf  |e Business Information Centre